Losowe włoskie słowa - Statystyki

Ogólne statystyki
  • Ten quiz został rozwiązany 2 312 razy
    2 255 od ostatniego zresetowania
  • Średni wynik to 13 z 24
Statystyki odpowiedzi
Włoski Polski % Poprawnych
Ciao Cześć
99%
Vino Wino
90%
Pomodoro Pomidor
87%
Grazie Dzięki
84%
Padre Ojciec
84%
Bambino Dziecko
81%
Bianco Biały
80%
Signore Pan
72%
Latte Mleko
71%
Primo Pierwszy
70%
Giorno Dzień
63%
Molto Bardzo
50%
Ragazza Dziewczyna
50%
Donna Kobieta
45%
Cantare Śpiewać
43%
Fratello Brat
42%
Tutti Wszystko
37%
Grotta Jaskinia
33%
Oro Złoto
33%
Forte Mocny
32%
Cavallo Koń
30%
Mille Tysiąc
24%
Venti Dwadzieścia
23%
Benvenuto Witamy
20%
Nie znaleziono quizów pasujących do podanych kryteriów
Rozkład punktacji
Procent ludzi z każdym wynikiem
Percentyl według liczby udzielonych odpowiedzi
Twoja historia wyników
Nie rozwiązałeś tego quizu od ostatniego zresetowania